000 00226nam a22000857a 4500
008 160718b xxu||||| |||| 00| 0 eng d
100 _93001
_a Jharna De
245 _aLab Manual Mathematics - IX
260 _aNew Delhi
_b Cordova
_c2007
999 _c2564
_d2564